[Event "Match"]
[Site "www.echecsemail.com"]
[Date "2018.02.25"]
[Round "1"]
[White "Dussek"]
[Black "Kipik"]
[WhiteElo "1790"]
[BlackElo "1799"]
[Result "0-1"]
[Round "1"]
1.d4 d5
2.Bc1f4 Ng8f6
3.e3 c5
4.c3 Nb8c6
5.Ng1f3 Nf6h5
6.Bf4g5 h6
7.Bg5h4 g5
8.Bh4g3 g4
9.Nf3e5 Qd8b6
10.Qd1c2 cxd4
11.Ne5xc6 bxc6
12.cxd4 Nh5xg3
13.hxg3 Ra8b8
14.b3 e6
15.Nb1c3 Bf8b4
16.Bf1e2 e5
17.O-O Bb4xc3
18.Qc2xc3 e4
19.Ra1c1 Bc8d7
20.b4 Qb6xb4
21.Qc3a1 Ke7
22.Rc1b1 Qb4d2
23.Rf1e1 h5
24.Rb1d1 Qd2b2
25.Rd1c1 Qb2xa1
26.Rc1xa1 Rb8b2
27.Be2f1 Rh8b8
28.Bf1a6 Rb8b4
29.a3 Rb4b6
30.Ba6e2 Rb2d2
31.Kf1 Rb6b2
32.a4 a5
33.Ra1a3 Rd2c2
34.Ra3a1 Bd7c8
{ resign }
0-1

[Event "Match"]
[Site "www.echecsemail.com"]
[Date "2018.02.25"]
[Round "1"]
[White "Rindrandria"]
[Black "Ranjachess"]
[WhiteElo "1780"]
[BlackElo "1830"]
[Result "1-0"]
[Round "1"]
1.e4 e5
2.c4 Nb8c6
3.b3 g6
4.d4 Bf8g7
5.d5 Nc6d4
6.Bc1a3 d6
7.Ng1e2 Ng8f6
8.Ne2xd4 exd4
9.Qd1xd4 Qd8e7
10.c5 Qe7xe4
11.Qd4e3 Qe4xe3
12.fxe3 Nf6e4
13.Bf1d3 Ne4xc5
14.Ba3xc5 Bg7xa1
15.Bc5a3 O-O
16.O-O f5
17.Nb1d2 g5
18.Rf1xa1 a6
19.Ba3b2 c5
20.dxc6 bxc6
21.Ra1c1 c5
22.Bd3c4 Rf8f7
23.Rc1f1 Ra8a7
24.Nd2f3 h6
25.Rf1d1 Ra7e7
26.Rd1xd6 Kh7
27.Bc4xf7 Re7xf7
28.Rd6c6 Bc8b7
29.Rc6xc5 Bb7xf3
30.gxf3 f4
31.exf4 Rf7xf4
32.Rc5c7 Kg6
33.Kg2 Kh5
34.Rc7a7 g4
35.fxg4 Rf4xg4
36.Kf3 Rg4g6
37.Bb2c3 Kh4
38.Bc3e1 Kh3
39.Be1g3 h5
40.Ra7h7 Rg6f6
41.Bg3f4 h4
42.Ke4 Rf6g6
43.Bf4g3 Rg6xg3
44.hxg3 Kxg3
45.Rh7g7 Kh2
46.Kd5 h3
47.b4 Kh1
48.a4 h2
49.b5 a5
50.Rg7h7 Kg1
51.b6 h1Q
52.Rh7xh1 Kxh1
53.b7 Kg2
54.b8Q Kf3
55.Qb8e5 Kf2
56.Qe5e4 Kg3
57.Ke5 Kf2
58.Kf4 Kf1
59.Kf3 Kg1
60.Qe4e2 Kh1
61.Qe2g2 
1-0

[Event "Match"]
[Site "www.echecsemail.com"]
[Date "2018.02.25"]
[Round "1"]
[White "Dussek"]
[Black "Izastar"]
[WhiteElo "1800"]
[BlackElo "1249"]
[Result "1-0"]
[Round "1"]
1.e4 c5
2.Ng1f3 e6
3.d4 Qd8b6
4.Bf1e2 cxd4
5.Nf3xd4 Bf8c5
6.Nb1c3 Bc5xd4
7.O-O g6
8.Qd1d3 Bd4g7
9.Ra1b1 Ng8e7
10.Bc1e3 Qb6c6
11.Be2f3 O-O
12.Nc3e2 Qc6c7
13.Be3f4 e5
14.Bf4g5 d6
15.c3 Bc8e6
16.b3 Nb8c6
17.Rb1c1 Ra8c8
18.c4 Nc6b4
19.Qd3b1 f5
20.a3 Nb4c6
21.Rf1d1 fxe4
22.Bf3xe4 Be6f5
23.Bg5xe7 Nc6xe7
24.Ne2g3 Bf5xe4
25.Ng3xe4 Ne7f5
26.Ne4g5 Qc7e7
27.Ng5e4 Nf5d4
28.Kf1 Rf8f4
29.f3 Rc8f8
30.Qb1d3 Bg7h6
31.Rc1b1 Rf4h4
32.h3 b6
33.b4 Rf8f4
34.Rb1b2 Qe7f8
35.Rb2f2 Rf4f5
36.Ne4g3 Rf5f7
37.Ng3e4  { time }
1-0

[Event "Match"]
[Site "www.echecsemail.com"]
[Date "2018.02.25"]
[Round "1"]
[White "Darknight"]
[Black "Gambitmiau"]
[WhiteElo "1720"]
[BlackElo "1940"]
[Result "1-0"]
[Round "1"]
1.e4 Nb8c6
2.a3 d5
3.exd5 Qd8xd5
4.Ng1e2 Bc8g4
5.h3 Bg4f5
6.c3 Nc6a5
7.Ne2f4 Qd5e4
8.Nf4e2 O-O-O
9.f3 Qe4d5
10.d4 Na5b3
11.Ne2f4 e5
12.Nf4xd5 Rd8xd5
13.Qd1xb3 Bf5e6
14.Qb3c2 exd4
15.Qc2e4 Bf8d6
16.f4 Ng8f6
17.Qe4f3 Rh8f8
18.c4 Rd5a5
19.Bf1d3 Bd6b4
20.Bc1d2 Rf8e8
21.O-O Bb4c5
22.Bd2xa5 Be6d7
23.f5 b6
24.Qf3a8 
1-0

[Event "1/32 Finale"]
[Site "www.chess-mail.com"]
[Date "2018.02.25"]
[Round "1"]
[White "Derfel83"]
[Black "Osopanda"]
[WhiteElo "2140"]
[BlackElo "1790"]
[Result "1-0"]
[Round "1"]
1.c4 d6
2.Nb1c3 c6
3.g3 e5
4.Bf1g2 Bc8e6
5.d3 Ng8f6
6.Ng1f3 Bf8e7
7.O-O Nb8d7
8.a3 O-O
9.b4 Qd8c7
10.Bc1b2 Ra8d8
11.b5 d5
12.bxc6 bxc6
13.cxd5 cxd5
14.e3 Rd8b8
15.Qd1d2 Qc7b6
16.Ra1b1 d4
17.exd4 exd4
18.Nc3e4 Nf6xe4
19.dxe4 Be6c4
20.Bb2xd4 Qb6xb1
21.Rf1xb1 Rb8xb1
22.Nf3e1 Rf8d8
23.Bg2f1 Bc4xf1
24.Kxf1 Nd7e5
25.Kg2 Be7c5
26.Qd2a5 Ne5c6
27.Qa5xc5 Nc6xd4
28.Ne1f3 Nd4xf3
29.Kxf3 Rb1d1
30.Qc5xa7 Rd8d3
31.Kg4 g6
32.Qa7c5 Kg7
33.Qc5e5 Kf8
34.a4 Rd1d2
35.Kg5 Rd2xf2
36.Qe5c5 { resign }
1-0

[Event "1/8 Finale"]
[Site "www.chess-mail.com"]
[Date "2018.02.25"]
[Round "1"]
[White "George1955"]
[Black "Chessington"]
[WhiteElo "2670"]
[BlackElo "2800"]
[Result "1/2-1/2"]
[Round "1"]
1.e4 e6
2.d4 d5
3.Nb1c3 Ng8f6
4.e5 Nf6d7
5.f4 c5
6.Ng1f3 Bf8e7
7.Bc1e3 b6
8.Qd1d2 Nb8c6
9.Bf1e2 O-O
10.O-O Bc8b7
11.Nc3d1 cxd4
12.Nf3xd4 Nc6xd4
13.Be3xd4 Nd7b8
14.Nd1e3 Nb8c6
15.c3 Nc6xd4
16.cxd4 Bb7c6
17.Be2d3 g6
18.Ra1c1 Bc6d7
19.Bd3a6 b5
20.Ba6b7 Ra8b8
21.Bb7c6 Rb8c8
22.Bc6xd7 Qd8xd7
23.Qd2a5 Qd7b7
24.Qa5d2 b4
25.b3 a5
26.Rc1xc8 Rf8xc8
27.Rf1c1 Rc8xc1
28.Qd2xc1 a4
29.g3 axb3
30.axb3 Qb7a7
31.Qc1d2 Qa7a3
32.Qd2d3 Be7d8
33.h4 Qa3b2
34.Kf1 Kg7
35.Ne3c2 Qb2c1
36.Kf2 Bd8b6
37.Kf3 Qc1g1
38.Nc2e3 Qg1a1
39.Ne3c2 Qa1b2
40.Ke3 Qb2b1
41.Ke2 Kf8
42.h5 Kg7
43.hxg6 hxg6
44.Ke3 Kh7
45.Ke2 Kg7
46.Ke3 Qb1a2
47.Kf3 Qa2b2
48.Ke3 Bb6d8
{ draw }
1/2-1/2

[Event "Tourn. n9748"]
[Site "www.chess-mail.com"]
[Date "2018.02.26"]
[Round "1"]
[White "Caroluigi"]
[Black "Sefj"]
[WhiteElo "1800"]
[BlackElo "2279"]
[Result "1-0"]
[Round "1"]
1.d4 e5
2.dxe5 Bf8c5
3.Ng1f3 b5
4.e3 b4
5.Qd1d5 b3
6.Qd5xc5 bxc2
7.Qc5xc2 a5
8.Qc2e4 Ra8a7
9.Qe4g4 g6
10.Bf1c4 c5
11.Qg4f4 d5
12.exd6 Bc8e6
13.Qf4e5 Ng8f6
14.Bc4xe6 fxe6
15.Qe5xe6 Kf8
16.e4 Ra7a6
17.Bc1h6 
1-0

[Event "Tourn. n9706"]
[Site "www.chess-mail.com"]
[Date "2018.02.26"]
[Round "1"]
[White "Silent1"]
[Black "Izastar"]
[WhiteElo "1960"]
[BlackElo "1979"]
[Result "1-0"]
[Round "1"]
1.d4 f5
2.c4 Ng8f6
3.Nb1c3 g6
4.e3 Bf8g7
5.Bf1d3 O-O
6.Ng1f3 b6
7.O-O Bc8b7
8.h3 d6
9.Bd3e2 Nb8d7
10.a3 c5
11.d5 Qd8c7
12.Nf3g5 Qc7c8
13.Ng5e6 Rf8e8
14.Bc1d2 Nd7f8
15.Ne6xg7 Kxg7
16.Be2f3 e5
17.e4  { time }
1-0

[Event "Tourn. n9706"]
[Site "www.chess-mail.com"]
[Date "2018.02.26"]
[Round "1"]
[White "Izastar"]
[Black "Attatroll"]
[WhiteElo "1979"]
[BlackElo "1960"]
[Result "0-1"]
[Round "1"]
1.c4 f5
2.Nb1c3 Ng8f6
3.e3 g6
4.Ng1f3 Bf8g7
5.Bf1e2 O-O
6.O-O d6
7.d4 Nb8c6
8.a3 e5
9.Qd1c2 e4
10.Nf3g5 a6
11.f4 exf3
12.Be2xf3 Bc8d7
13.b4 Qd8e7
14.Bc1d2 Nf6g4
15.Bf3xc6 Bd7xc6
16.Ng5f3 Ng4xe3
17.Bd2xe3 Qe7xe3
18.Kh1 Bg7xd4
19.Nf3xd4 Qe3xd4
20.Nc3e2 Qd4g4
 { time }
0-1

[Event "Tourn. n9745"]
[Site "www.chess-mail.com"]
[Date "2018.02.26"]
[Round "1"]
[White "Sefj"]
[Black "Muchomurka"]
[WhiteElo "2279"]
[BlackElo "2470"]
[Result "0-1"]
[Round "1"]
1.Ng1f3 Ng8f6
2.c4 d6
3.b4 e5
4.d3 a5
5.Bc1d2 axb4
6.Bd2xb4 Nb8c6
7.Bb4c3 Bf8e7
8.Nb1d2 O-O
9.Nd2e4 Nf6xe4
10.dxe4 Bc8e6
11.e3 Nc6a5
12.c5 Na5c6
13.Bf1b5 Nc6a7
14.Bb5a4 Be6c4
15.cxd6 cxd6
16.Ba4b3 Bc4a6
17.Qd1d5 Ra8c8
18.Bc3b4 Na7c6
19.Bb4d2 Qd8b6
20.Ra1b1 Nc6b4
21.Bd2xb4 Qb6xb4
22.Kd1 Qb4c3
23.Qd5d2 Ba6d3
24.Bb3xf7 Rf8xf7
25.Qd2xc3 Rc8xc3
26.Rb1xb7 Bd3xe4
27.Rb7b8 Rf7f8
28.Rb8xf8 Kxf8
29.Kd2 Rc3c2
30.Kd1 Rc2xa2
31.Nf3e1 Be4xg2
32.Rh1g1 Bg2c6
33.Kc1 Ra2xf2
34.Ne1d3 Rf2xh2
35.Rg1f1 Ke8
36.Nd3f2 Be7g5
37.Nf2g4 Rh2g2
{ resign }
0-1

[Event "Tourn. n9707"]
[Site "www.chess-mail.com"]
[Date "2018.02.26"]
[Round "1"]
[White "Izastar"]
[Black "Griffo30"]
[WhiteElo "2049"]
[BlackElo "2200"]
[Result "0-1"]
[Round "1"]
1.f4 d5
2.Ng1f3 Ng8f6
3.b3 g6
4.Bc1b2 Bf8g7
5.e3 O-O
6.Bf1e2 c5
7.O-O Nb8c6
8.Nf3e5 Nc6xe5
9.Bb2xe5 b6
10.d3 Bc8b7
11.Nb1d2 Nf6e8
12.Be5xg7 Ne8xg7
13.Be2f3 Rf8e8
14.Qd1e1 e5
15.fxe5 Re8xe5
16.Qe1f2 Qd8c7
17.Ra1e1 Ra8e8
 { time }
0-1

[Event "Tourn. n9707"]
[Site "www.chess-mail.com"]
[Date "2018.02.26"]
[Round "1"]
[White "Coolant"]
[Black "Izastar"]
[WhiteElo "2300"]
[BlackElo "2039"]
[Result "1-0"]
[Round "1"]
1.f4 c5
2.Ng1f3 Nb8c6
3.g3 e6
4.Bf1g2 Ng8f6
5.O-O Bf8e7
6.d3 O-O
7.e4 Qd8b6
8.c4 d6
9.Qd1e2 Bc8d7
10.Nb1c3 a6
11.h3 Ra8b8
12.Bc1e3 Qb6c7
13.g4 h6
14.f5 e5
15.Nc3d5 Nf6xd5
16.exd5 Nc6d4
17.Nf3xd4 cxd4
18.Be3xd4 exd4
19.Qe2xe7 Rb8e8
20.Qe7h4 Re8e2
21.f6 Qc7d8
22.g5  { time }
1-0

[Event "Tourn. n9677"]
[Site "www.chess-mail.com"]
[Date "2018.02.26"]
[Round "1"]
[White "Gvladutz"]
[Black "Drawlward"]
[WhiteElo "2500"]
[BlackElo "2520"]
[Result "1/2-1/2"]
[Round "1"]
1.e4 c5
2.Ng1f3 Nb8c6
3.d4 cxd4
4.Nf3xd4 Ng8f6
5.Nb1c3 e5
6.Nd4b5 d6
7.Bc1g5 a6
8.Nb5a3 b5
9.Bg5xf6 gxf6
10.Nc3d5 f5
11.c3 Bf8g7
12.Bf1d3 Nc6e7
13.Nd5xe7 Qd8xe7
14.Na3c2 Qe7b7
15.Qd1f3 O-O
16.Nc2e3 f4
17.Ne3d5 Bc8e6
18.g4 b4
19.c4 Be6xd5
20.cxd5 a5
21.Ra1c1 Ra8c8
22.O-O Bg7f6
23.Qf3e2 Rc8xc1
24.Rf1xc1 Rf8c8
25.Rc1c2 Bf6d8
26.Kf1 Rc8xc2
27.Qe2xc2 Qb7c7
28.Qc2c6 Kg7
29.Qc6xc7 Bd8xc7
30.Bd3b5 Kg6
31.f3 Kg5
32.Bb5e8 f6
33.Be8d7 Bc7b6
34.a3 b3
35.Bd7a4 Bb6d4
36.Ba4xb3 a4
37.Bb3xa4 Bd4xb2
38.Ba4d7 Bb2xa3
39.Ke2 { draw }
1/2-1/2

[Event "Tourn. n9741"]
[Site "www.chess-mail.com"]
[Date "2018.02.26"]
[Round "1"]
[White "Fantomas"]
[Black "Coolant"]
[WhiteElo "2280"]
[BlackElo "2240"]
[Result "1/2-1/2"]
[Round "1"]
1.e4 e5
2.Ng1f3 Nb8c6
3.Bf1b5 f5
4.d3 fxe4
5.dxe4 Ng8f6
6.Bb5xc6 bxc6
7.Nf3xe5 Bc8a6
8.Bc1g5 Bf8c5
9.Ne5d3 Ba6xd3
10.cxd3 Bc5d4
11.Nb1c3 Ra8b8
12.Qd1e2 O-O
13.O-O Qd8e7
14.Ra1b1 Qe7e5
15.Bg5d2 d5
16.Kh1 dxe4
17.dxe4 Bd4xc3
18.Qe2c4 Rf8f7
19.Bd2xc3 Qe5xe4
20.Qc4xe4 { draw }
1/2-1/2

[Event "Tourn. n9709"]
[Site "www.chess-mail.com"]
[Date "2018.02.26"]
[Round "1"]
[White "Izastar"]
[Black "Andychesston"]
[WhiteElo "2039"]
[BlackElo "1910"]
[Result "0-1"]
[Round "1"]
1.f4 d5
2.Ng1f3 Nb8c6
3.b3 Ng8f6
4.Bc1b2 Bc8f5
5.e3 a6
6.Bf1e2 e6
7.O-O Bf8c5
8.d4 Bc5a7
9.Nb1d2 Nf6e4
10.Nd2xe4 dxe4
11.Nf3h4 Qd8xh4
12.g3 Qh4h6
 { time }
0-1

[Event "Match"]
[Site "www.echecsemail.com"]
[Date "2018.02.26"]
[Round "1"]
[White "Mitja"]
[Black "Bojan"]
[WhiteElo "2070"]
[BlackElo "1860"]
[Result "0-1"]
[Round "1"]
1.d4 d5
2.e3 Nb8c6
3.c3 g6
4.h3 Bf8g7
5.Ng1f3 Qd8d6
6.Bf1e2 Ng8f6
7.b3 Nf6e4
8.Bc1b2 Bc8d7
9.Nb1d2 a6
10.Nd2xe4 dxe4
11.Nf3d2 f5
12.Qd1c2 e5
13.dxe5 Nc6xe5
14.Nd2c4 Qd6e7
15.Nc4xe5 Bg7xe5
16.c4 O-O-O
17.Bb2xe5 Qe7xe5
18.O-O g5
19.Rf1d1 Bd7c6
20.a4 f4
21.Be2g4 Kb8
22.Rd1xd8 Rh8xd8
23.Ra1d1 Rd8h8
24.Bg4d7 Bc6xd7
25.Rd1xd7 Kc8
26.Rd7d5 Qe5e7
27.Qc2c3 Rh8g8
28.exf4 gxf4
29.b4 Qe7e6
30.Kf1 Rg8e8
31.Rd5d1 Qe6f5
32.Rd1d5 Qf5g6
33.a5 e3
34.fxe3 fxe3
35.Rd5e5 Qg6f6
36.Kg1 Re8xe5
{ resign }
0-1

[Event "Match"]
[Site "www.echecsemail.com"]
[Date "2018.02.26"]
[Round "1"]
[White "Guidom"]
[Black "Sefj"]
[WhiteElo "2080"]
[BlackElo "1809"]
[Result "1-0"]
[Round "1"]
1.e4 e5
2.Ng1f3 Bf8c5
3.Bf1c4 Qd8f6
4.c3 Ng8h6
5.d4 exd4
6.cxd4 Bc5b4
7.Nb1c3 d6
8.e5 dxe5
9.dxe5 Bb4xc3
10.bxc3 Qf6c6
11.Qd1b3 O-O
12.O-O Bc8e6
13.Bc4xe6 fxe6
14.Bc1xh6 gxh6
15.Nf3d4 Qc6b6
16.Nd4xe6 Qb6xb3
17.axb3 Rf8c8
18.Rf1d1 Kf7
19.Ne6d8 Ke7
20.Nd8xb7 Nb8c6
21.Nb7c5 Nc6xe5
22.Rd1e1 Kd6
23.Nc5e4 Ke6
24.f4 Ne5f7
25.Ra1a6 Kf5
26.Ra6f6 Kg4
27.Ne4f2 Kh5
28.g4 Kh4
29.Re1e5 { resign }
1-0

[Event "Match"]
[Site "www.echecsemail.com"]
[Date "2018.02.26"]
[Round "1"]
[White "Gidi5"]
[Black "Mdesouza"]
[WhiteElo "2270"]
[BlackElo "2320"]
[Result "1/2-1/2"]
[Round "1"]
1.e4 c5
2.Ng1f3 Nb8c6
3.Bf1b5 a6
4.Bb5xc6 dxc6
5.h3 Ng8f6
6.d3 g6
7.O-O Bf8g7
8.Nb1c3 O-O
9.Bc1e3 b6
10.a4 Bc8b7
11.a5 Nf6d7
12.Nc3a4 b5
13.Na4xc5 Nd7xc5
14.Be3xc5 Bg7xb2
15.Ra1a2 Bb2g7
16.d4 Rf8e8
17.Bc5b6 Qd8d6
18.Bb6c5 Qd6c7
19.Bc5b6 { draw }
1/2-1/2

[Event "Fast Game"]
[Site "www.echecsemail.com"]
[Date "2018.02.26"]
[Round "1"]
[White "Sefj"]
[Black "Picifarkinca"]
[WhiteElo "1769"]
[BlackElo "1860"]
[Result "0-1"]
[Round "1"]
1.Ng1f3 d5
2.e4 c6
3.e5 Bc8f5
4.Nf3d4 Bf5g6
5.Qd1g4 e6
6.h4 h5
7.Qg4h3 Bf8c5
8.Nd4xe6 fxe6
9.Qh3xe6 Ng8e7
10.d3 Bg6f5
11.Qe6xf5 Ne7xf5
12.Bc1g5 Qd8b6
13.b3 Bc5xf2
14.Kd1 Bf2d4
15.c3 Bd4xe5
16.Kd2 Nb8d7
17.b4 O-O
18.Bf1e2 Nf5g3
19.Rh1h3 Ng3xe2
20.Kxe2 Qb6f2
21.Kd1 Qf2xg2
22.Rh3e3 Rf8f1
{ resign }
0-1

[Event "Tourn. n9669"]
[Site "www.chess-mail.com"]
[Date "2018.02.27"]
[Round "1"]
[White "Hundegana"]
[Black "Orhany24"]
[WhiteElo "2050"]
[BlackElo "2110"]
[Result "0-1"]
[Round "1"]
1.e4 e5
2.b3 d5
3.exd5 Qd8xd5
4.Bc1b2 c5
5.Nb1c3 Qd5d8
6.Bf1c4 Nb8c6
7.Qd1f3 Ng8f6
8.Nc3d5 Bf8e7
9.Nd5xe7 Qd8xe7
10.h3 O-O
11.O-O-O a6
12.Ng1e2 Bc8e6
13.Bc4xe6 Qe7xe6
14.Ne2g3 b5
15.Rh1e1 Nc6d4
16.Bb2xd4 cxd4
17.Ng3f5 Ra8d8
18.d3 Rf8e8
19.g4 h6
20.h4 Qe6d5
21.Qf3xd5 Nf6xd5
22.Kb2 Kh7
23.Rd1d2 g6
24.Nf5g3 Nd5f4
25.h5 b4
26.a3 a5
27.hxg6 fxg6
28.axb4 axb4
29.Re1a1 Rd8a8
30.Ra1xa8 Re8xa8
31.Ng3e4 Nf4d5
32.Rd2d1 h5
33.gxh5 gxh5
34.Ne4g5 Kg6
35.Ng5f3 Nd5c3
36.Nf3xe5 Kf5
37.Rd1e1 Ra8a2
38.Kc1 Ra2a1
39.Kd2 Ra1xe1
40.Kxe1 Kxe5
41.f3 Kf4
42.Kf2 Nc3d1
43.Ke2 Nd1e3
44.Kd2 Kxf3
45.c4 dxc3
46.Kc1 h4
47.d4 h3
48.d5 Ne3xd5
49.Kc2 Nd5e3
50.Kd3 c2
51.Kd4 c1Q
52.Kd3 Qc1c3

0-1

[Event "Tourn. n9706"]
[Site "www.chess-mail.com"]
[Date "2018.02.27"]
[Round "1"]
[White "Andychesston"]
[Black "Izastar"]
[WhiteElo "1890"]
[BlackElo "1979"]
[Result "1-0"]
[Round "1"]
1.e4 c5
2.Ng1f3 e6
3.d4 cxd4
4.Nf3xd4 Qd8b6
5.Bc1e3 Qb6xb2
6.Nb1d2 Bf8b4
7.Ra1b1 Bb4xd2
8.Ke2 Qb2xa2
9.Kxd2 Qa2a5
10.c3 Ng8f6
11.f3 Nb8c6
12.Nd4b3 Qa5c7
13.g3 O-O
14.Ke2 b6
15.Kf2 Bc8b7
16.Bf1d3  { time }
1-0

[Event "Tourn. n9706"]
[Site "www.chess-mail.com"]
[Date "2018.02.27"]
[Round "1"]
[White "Andychesston"]
[Black "Silent1"]
[WhiteElo "1890"]
[BlackElo "1960"]
[Result "1-0"]
[Round "1"]
1.e4 e5
2.Ng1f3 d6
3.d4 exd4
4.Nf3xd4 Bf8e7
5.Nb1c3 Ng8f6
6.Bc1e3 O-O
7.Bf1d3 Bc8d7
8.Nc3e2 Nb8c6
9.f3 Nc6xd4
10.Be3xd4 c6
11.e5 dxe5
12.Bd4xe5 Qd8c8
13.Qd1d2 Bd7e6
14.b3 Be6f5
15.g4 Bf5xd3
16.cxd3 Nf6d5
17.a3 Be7f6
18.Be5xf6 Nd5xf6
19.Kf2 Qc8c7
20.h4 Ra8d8
21.h5 h6
22.g5 hxg5
23.h6 gxh6
24.Ra1g1 Qc7b6
25.Kf1 Qb6xb3
26.Rg1xg5 { resign }
1-0

[Event "Tourn. n9691"]
[Site "www.chess-mail.com"]
[Date "2018.02.27"]
[Round "1"]
[White "Pachi"]
[Black "Izastar"]
[WhiteElo "1640"]
[BlackElo "1809"]
[Result "1-0"]
[Round "1"]
1.e4 c5
2.d4 cxd4
3.Qd1xd4 Nb8c6
4.Qd4d2 d6
5.Bf1b5 Bc8d7
6.Bb5xc6 Bd7xc6
7.Nb1c3 Ng8f6
8.Ng1f3 Nf6xe4
9.Nc3xe4 Bc6xe4
10.O-O Qd8c7
11.Nf3g5 Be4xc2
12.Qd2d5 e6
13.Qd5f3 h6
14.Ng5h3 Bf8e7
15.b4 O-O
16.Bc1b2 Qc7c6
17.Qf3g3 Bc2g6
18.Nh3f4 Qc6e4
19.b5 Ra8c8
20.Ra1e1 Qe4f5
21.Re1e3 Be7g5
22.Re3f3 Bg5xf4
23.Rf3xf4 Qf5xb5
24.Bb2d4 b6
25.Rf1d1 Rc8c4
26.h4 e5
27.Rf4e4 exd4
28.Re4xd4 Rc4xd4
29.Rd1xd4 Qb5e5
30.Rd4xd6 Qe5xg3
31.fxg3 Rf8c8
32.Rd6d7 a5
33.Rd7b7 Rc8c6
34.Kh2 f6
35.g4  { time }
1-0

[Event "Tourn. n9674"]
[Site "www.chess-mail.com"]
[Date "2018.02.27"]
[Round "1"]
[White "Sahlapalat"]
[Black "Orhany24"]
[WhiteElo "2080"]
[BlackElo "2110"]
[Result "1-0"]
[Round "1"]
1.d4 d5
2.c4 Bc8f5
3.cxd5 Ng8f6
4.Nb1c3 Nf6xd5
5.Qd1b3 Nd5b6
6.e4 Bf5d7
7.Ng1f3 e6
8.Bf1e2 Bf8e7
9.O-O O-O
10.Bc1e3 h6
11.Rf1d1 c6
12.Rd1d2 Kh8
13.Ra1d1 Qd8e8
14.a4 f5
15.a5 Nb6c8
16.Nf3e5 Nc8d6
17.d5 cxd5
18.exd5 exd5
19.Nc3xd5 Bd7e6
20.Qb3c2 Nd6e4
21.Nd5c7 { resign }
1-0

[Event "Tourn. n9734"]
[Site "www.chess-mail.com"]
[Date "2018.02.27"]
[Round "1"]
[White "Attatroll"]
[Black "Piekki"]
[WhiteElo "1990"]
[BlackElo "2190"]
[Result "0-1"]
[Round "1"]
1.d4 Ng8f6
2.Bc1g5 Nf6e4
3.Bg5h4 d5
4.f3 g5
5.Bh4g3 Ne4xg3
6.hxg3 Qd8d6
7.Kf2 h5
8.Nb1c3 h4
9.gxh4 gxh4
10.Ng1h3 Qd6g3
11.Kg1 Bf8h6
12.Qd1e1 Bh6e3
13.Nh3f2 h3
14.Nc3d1 h2
15.Rh1xh2 Qg3xh2

0-1

[Event "Tourn. n9731"]
[Site "www.chess-mail.com"]
[Date "2018.02.27"]
[Round "1"]
[White "Libiesse"]
[Black "Gegonz"]
[WhiteElo "1870"]
[BlackElo "1610"]
[Result "0-1"]
[Round "1"]
1.d4 d5
2.c4 c5
3.Ng1f3 Ng8f6
4.Nb1c3 cxd4
5.Qd1xd4 Nb8c6
6.Qd4d1 d4
7.Nc3b5 e5
8.Bc1g5 Bf8b4
9.Nf3d2 O-O
10.a3 Bb4e7
11.g3 a6
{ resign }
0-1

[Event "Tourn. n9709"]
[Site "www.chess-mail.com"]
[Date "2018.02.27"]
[Round "1"]
[White "Julian"]
[Black "Andychesston"]
[WhiteElo "1800"]
[BlackElo "1910"]
[Result "0-1"]
[Round "1"]
1.e4 e5
2.Ng1f3 Nb8c6
3.Bf1b5 d6
4.d4 Bc8g4
5.dxe5 Bg4xf3
6.Qd1xf3 dxe5
7.O-O Ng8f6
8.Nb1c3 Bf8d6
9.Bc1g5 O-O
10.Nc3d5 Nc6d4
11.Nd5xf6 gxf6
12.Bg5h6 Nd4xf3
13.gxf3 c6
14.Bb5d3 Kh8
15.Bh6xf8 Qd8xf8
16.Kh1 Bd6c5
17.Ra1b1 Qf8h6
18.f4 Qh6xf4
19.Rb1d1 Ra8g8
20.f3 Qf4e3
21.f4 exf4
22.Rd1e1 Qe3d4
{ resign }
0-1

[Event "Tourn. n9684"]
[Site "www.chess-mail.com"]
[Date "2018.02.27"]
[Round "1"]
[White "Falcoale"]
[Black "Claymil"]
[WhiteElo "1890"]
[BlackElo "2040"]
[Result "0-1"]
[Round "1"]
1.e4 c5
2.Ng1f3 Nb8c6
3.d4 cxd4
4.Nf3xd4 g6
5.c3 Bf8g7
6.Bf1e2 e6
7.O-O Ng8e7
8.f3 O-O
9.Bc1e3 a6
10.Nd4c2 d5
11.Nb1d2 dxe4
12.Nd2xe4 Ne7d5
13.Be3f2 b6
14.Qd1c1 Bc8b7
15.Rf1d1 Qd8c7
16.Bf2g3 Nc6e5
17.Nc2e3 Nd5xe3
18.Qc1xe3 Qc7c6
19.Rd1d6 Qc6c7
20.Ra1d1 b5
21.Ne4c5 Bb7d5
22.Rd6xa6 Ne5c4
23.Qe3f2 Qc7c8
24.Ra6xa8 Qc8xa8
25.Be2xc4 Bd5xc4
26.a3 Rf8c8
27.Qf2e3 Bg7f8
28.Bg3e5 Bf8xc5
29.Be5d4 Qa8d5
30.Rd1d2 Bc5xd4
31.Rd2xd4 Qd5f5
32.Qe3e4 Qf5xe4
33.Rd4xe4 Rc8c5
34.Re4d4 Rc5e5
35.Rd4d2 h5
36.Rd2d4 Re5e2
37.a4 Re2xb2
38.axb5 Bc4xb5
39.c4 Bb5c6
40.Rd4d8 Kg7
41.Rd8c8 Bc6d7
42.Rc8c7 Bd7a4
43.c5 Rb2c2
44.h3 g5
45.g4 hxg4
46.hxg4 Kg6
47.Rc7c8 f5
48.Rc8g8 Kf6
49.gxf5 exf5
50.Rg8c8 Ke5
51.Rc8e8 Ba4xe8
{ resign }
0-1

[Event "Tourn. n9648"]
[Site "www.chess-mail.com"]
[Date "2018.02.27"]
[Round "1"]
[White "Vios"]
[Black "Jesmantiz"]
[WhiteElo "2320"]
[BlackElo "2210"]
[Result "0-1"]
[Round "1"]
1.e4 d6
2.d4 c6
3.Nb1c3 a6
4.f4 g6
5.Ng1f3 Bf8g7
6.Bc1e3 e6
7.Qd1d2 Ng8e7
8.O-O-O b5
9.Bf1d3 f5
10.e5 d5
11.h4 a5
12.h5 Nb8d7
13.Nf3g5 Nd7b6
14.Nc3xb5 cxb5
15.Bd3xb5 Kf8
16.h6 Bg7xh6
17.Rh1xh6 Ne7g8
18.Rh6xh7 Rh8xh7
19.Ng5xh7 Kg7
20.Rd1h1 Nb6c4
21.Bb5xc4 dxc4
 { time }
0-1

[Event "Tourn. n9669"]
[Site "www.chess-mail.com"]
[Date "2018.02.27"]
[Round "1"]
[White "Sahlapalat"]
[Black "Hundegana"]
[WhiteElo "2090"]
[BlackElo "2050"]
[Result "1-0"]
[Round "1"]
1.d4 h5
2.e4 g6
3.Ng1f3 Bf8h6
4.Nb1c3 d6
5.Bf1e2 Bh6xc1
6.Ra1xc1 c6
7.O-O Nb8d7
8.Rf1e1 Ng8f6
9.Be2d3 e5
10.Qd1d2 b6
11.Rc1d1 Nf6h7
12.Bd3c4 O-O
13.dxe5 Nd7xe5
14.Nf3xe5 Qd8e8
15.Ne5xg6 b5
16.Bc4b3 Bc8e6
17.Ng6xf8 Qe8xf8
18.Qd2xd6 Be6xb3
19.axb3 Qf8e8
20.e5 a5
21.e6 fxe6
22.Re1xe6 Qe8f8
23.Re6g6 Kf7
24.Qd6e6 { resign }
1-0

[Event "Tourn. n9709"]
[Site "www.chess-mail.com"]
[Date "2018.02.27"]
[Round "1"]
[White "Izastar"]
[Black "Julian"]
[WhiteElo "2039"]
[BlackElo "1800"]
[Result "0-1"]
[Round "1"]
1.f4 d6
2.Ng1f3 Ng8f6
3.b3 g6
4.Bc1b2 Bf8g7
5.e3 Nb8c6
6.Bf1e2 O-O
7.O-O Qd8e8
8.h3 e5
9.fxe5 dxe5
10.d3 e4
11.Nf3h2 exd3
 { time }
0-1

[Event "Tourn. n9689"]
[Site "www.chess-mail.com"]
[Date "2018.02.27"]
[Round "1"]
[White "Apdash"]
[Black "Sorim"]
[WhiteElo "2180"]
[BlackElo "2030"]
[Result "1-0"]
[Round "1"]
1.e4 e5
2.Ng1f3 Ng8f6
3.Bf1c4 Nf6xe4
4.d4 Ne4d6
5.Nf3xe5 Nd6xc4
6.Ne5xc4 Bf8e7
7.Bc1e3 O-O
8.O-O d5
9.Nc4e5 Nb8c6
10.f4 Bc8f5
11.c3 Be7h4
12.Nb1d2 Bh4e7
13.Qd1h5 Bf5g6
14.Qh5h3 Qd8d6
15.f5 Nc6xe5
16.dxe5 Qd6xe5
17.Be3d4 Qe5e2
18.fxg6 fxg6
19.Qh3e3 Qe2xe3
20.Bd4xe3 Be7d6
21.Rf1xf8 Bd6xf8
22.Nd2f3 c5
23.Nf3g5 Ra8e8
24.Ra1e1 d4
25.cxd4 cxd4
26.Be3d2 Re8c8
27.Re1c1 Rc8xc1
28.Bd2xc1 Bf8c5
29.Ng5e6 Bc5b6
30.Kf1 Kf7
31.Ne6f4 g5
32.Nf4d5 Bb6d8
33.Ke2 a5
34.Kd3 { resign }
1-0

[Event "Match"]
[Site "www.echecsemail.com"]
[Date "2018.02.27"]
[Round "1"]
[White "Sefj"]
[Black "Pinehill"]
[WhiteElo "2279"]
[BlackElo "2040"]
[Result "1-0"]
[Round "1"]
1.Ng1f3 Ng8f6
2.d4 d5
3.c4 c6
4.Nb1c3 Bc8f5
5.Qd1b3 b6
6.cxd5 cxd5
7.e4 dxe4
8.Nf3g5 e6
9.Qb3a4 Qd8d7
10.Bf1b5 { resign }
1-0

[Event "Match"]
[Site "www.echecsemail.com"]
[Date "2018.02.27"]
[Round "1"]
[White "Coraza8091"]
[Black "Whitekknight"]
[WhiteElo "1540"]
[BlackElo "1970"]
[Result "0-1"]
[Round "1"]
1.Ng1f3 d5
2.d4 Ng8f6
3.Nb1c3 e6
4.Bc1g5 h6
5.Bg5f4 Bf8d6
6.Qd1d2 Bd6b4
7.O-O-O Nb8c6
8.Qd2d3 a6
9.Nc3a4 Nf6e4
10.Bf4e3 Bc8d7
11.c3 Bb4e7
12.Nf3d2 Ne4xd2
13.Rd1xd2 Be7f6
14.Na4c5 O-O
15.Nc5xb7 Qd8b8
16.Nb7c5 Bd7e8
17.Be3f4 e5
18.dxe5 Nc6xe5
19.Bf4xe5 Be8b5
20.Qd3xd5 Bf6xe5
21.Qd5xe5 Rf8e8
22.Qe5d5 Re8d8
23.Qd5b7 Rd8e8
24.Qb7d5 Qb8c8
25.a4 c6
26.Qd5h5 Qc8b8
27.axb5 axb5
28.Nc5d7 Qb8f4
29.e3 Qf4e4
30.Rd2d4 Ra8a1
31.Kd2 Qe4b1
32.Ke2 Qb1xb2
33.Kf3 Ra1a2
34.Rd4g4 Qb2xf2
{ resign }
0-1

[Event "Match"]
[Site "www.echecsemail.com"]
[Date "2018.02.27"]
[Round "1"]
[White "Billyg"]
[Black "Carazo"]
[WhiteElo "1770"]
[BlackElo "1830"]
[Result "0-1"]
[Round "1"]
1.e4 e5
2.Ng1f3 Nb8c6
3.Bf1b5 Nc6d4
4.Nf3xd4 exd4
5.c3 a6
6.Bb5a4 c6
7.cxd4 Ng8f6
8.d3 Bf8b4
9.Bc1d2 Qd8e7
10.a3 Bb4xd2
11.Qd1xd2 O-O
12.O-O Rf8e8
13.Rf1e1 b5
14.Ba4b3 d5
15.e5 Bc8d7
16.Kf1 Nf6g4
17.Kg1 Bd7f5
18.Nb1c3 Qe7h4
19.h3 Ng4h6
20.Qd2e3 Bf5g6
21.Ra1c1 Nh6f5
22.Qe3f3 Ra8b8
23.Nc3e2 Re8e6
24.Qf3f4 Qh4xf4
25.g3 Qf4f3
26.Ne2f4 Nf5xg3
27.Nf4g2 Ng3e2
28.Re1xe2 Qf3xe2
29.Rc1c2 Qe2xd3
30.Rc2c3 Qd3b1
31.Kh2 Qb1xb2
32.Rc3f3 Qb2xa3
33.Ng2h4 Bg6e4
34.Rf3e3 Qa3b2
35.Kg1 Qb2c1
36.Kh2 Qc1h1
37.Kg3 Qh1g1
38.Kf4 Qg1xf2
39.Nh4f3 g5
40.Kg4 Qf2xe3
41.Nf3xg5 Re6g6
{ resign }
0-1